Państwa wchodzące w skład Imperium Francuskiego - Statystyki

Ogólne statystyki
  • Ten quiz został rozwiązany 74 razy
  • Średni wynik to 20 z 40
Statystyki odpowiedzi
Podpowiedź
(kontynent)
Odpowiedź
(kraj)
% Poprawnych
Europa Francja
91%
Afryka Algieria
76%
*Ameryka Płn.* Kanada
76%
*Afryka* Maroko
76%
Afryka Senegal
73%
Afryka Tunezja
71%
Afryka Niger
69%
Afryka Mali
67%
Afryka Czad
65%
Afryka Gwinea
65%
Afryka Mauretania
62%
Azja Wietnam
62%
Afryka Benin
60%
Azja Kambodża
60%
Azja Laos
60%
Afryka Madagaskar
60%
Afryka Gabon
58%
Afryka Togo
58%
Afryka Kongo
56%
Afryka Wybrzeże Kości Słoniowej
56%
Afryka Burkina Faso
55%
Ameryka Płd.* Gujana Francuska
55%
Afryka Kamerun
55%
Afryka Republika Środkowoafrykańska
49%
Azja Syria
45%
Afryka Komory
44%
*Azja* Indie
40%
*Azja* Chiny
36%
Azja Liban
36%
Afryka Dżibuti
35%
Oceania* Nowa Kaledonia
31%
Oceania* Polinezja Francuska
29%
Afryka* Reunion
24%
Ameryka Płn.* Gwadelupa
20%
Ameryka Płn.* Martynika
20%
Ameryka Płn.* Saint Martin
18%
Ameryka Płn.* Saint Pierre i Miquelon
15%
Afryka* Majotta
13%
Ameryka Płn.* Saint Barthelemy
7%
Oceania* Wallis i Futuna
4%
Nie znaleziono quizów pasujących do podanych kryteriów
Rozkład punktacji
Procent ludzi z każdym wynikiem
Percentyl według liczby udzielonych odpowiedzi
Twoja historia wyników
Nie rozwiązałeś tego quizu